01349 a2200205 4500003000500000005001700005010001600022020001500038040000900053082001400062100002300076245008600099260005100185300003400236505075000270650002901020650001901049700002001068740005501088NUST20221123132137.0 a 84005384 a0030534062 cNust00a519.5,BRO1 aBrockett, Patrick.10aStatistics & probability & their applications /cPatrick Brockett, Arnold Levine. aPhiladelphia :bSaunders College Pub.,cc1984. axvi, 576 p. :bill. ;c24 cm. aThe Nature and Purposes of Statistics (Page-1), Describing Samples and Populations (Page-11), Probability Models (Page--61), Random Variables, Probability Distributions, and Probability Models (Page-107), The Normal Distribution (Page-1570, Estimation; Confidence Intervals (Page-1890, Hypothesis Testing About the Mean and Variance of a Population (Page-2170, Comparing Two Populations (Page-263), Prediction and Association: Regression and Correlation (Page-303), Evaluation of Categorical Data; Contingency Tables (Page-341), Analysis of Variance (Page-369), Non parametric Statistics (Page-399), Sampling Theory (Page-437), Practical Aspects of Statistics; Survey Design (Page-469), Questionnaires (page-495), Statistical Tables (Page-527). 0aMathematical statistics. 0aProbabilities.1 aLevine, Arnold.0 aStatistics and probability and their applications.